Pays d'Europe les plus pollués en 2024 - Statistiques

Statistiques générales
  • Ce quiz a été pris 118 fois
  • Le résultat moyen est 13 sur 15
Statistiques - réponses
Indice de pollution
de l'air
Pays
% Correct
14,8 Pologne
89%
14,5 Albanie
87%
12,9 Hongrie
87%
15,3 Roumanie
87%
20,2 Serbie
87%
13,6 Slovaquie
87%
13,8 Croatie
86%
15,2 Slovénie
86%
14,2 Italie
83%
12,7 République Tchèque
83%
25,3 Bosnie-Herzégovine
82%
12,9 Kosovo
79%
23,3 Macédoine du Nord
79%
14,7 Moldavie
75%
18 Monténégro
75%
Aucun quiz correspondant
Distribution des résultats
% des personnes avec chaque résultat
Percentile par nombre de réponses
Votre historique - résultats
Vous n’avez pas pris ce quiz